Online
Catalog

En defensa de la Constitución: (Record no. 50711)

MARC details
000 -CABECERA
campo de control de longitud fija 02038nam a2200301 i 4500
003 - IDENTIFICADOR DEL NÚMERO DE CONTROL
campo de control DO-SdBNP
005 - FECHA Y HORA DE LA ÚLTIMA TRANSACCIÓN
campo de control 20260305073957.0
006 - CÓDIGOS DE INFORMACIÓN DE LONGITUD FIJA--CARACTERÍSTICAS DEL MATERIAL ADICIONAL
campo de control de longitud fija a||||gr|||| 00| 0
007 - CAMPO FIJO DE DESCRIPCIÓN FÍSICA--INFORMACIÓN GENERAL
campo de control de longitud fija ta
008 - DATOS DE LONGITUD FIJA--INFORMACIÓN GENERAL
campo de control de longitud fija 211006e2019 dr ||||fr|||| 001 sdspa d
020 ## - NÚMERO INTERNACIONAL ESTÁNDAR DEL LIBRO
Número Internacional Estándar del Libro 9789945676187
040 ## - FUENTE DE LA CATALOGACIÓN
Centro catalogador/agencia de origen DO-SdBNP
Lengua de catalogación spa
Centro/agencia transcriptor BNPHU
082 #4 - NÚMERO DE LA CLASIFICACIÓN DECIMAL DEWEY
Número de documento/Ítem F363d
Número de edición 22
100 1# - ENTRADA PRINCIPAL--NOMBRE DE PERSONA
Nombre de persona Fernández, Leonel,
Fechas asociadas al nombre 1953-
Término indicativo de función/relación autor
9 (RLIN) 7291
245 10 - MENCIÓN DE TÍTULO
Título En defensa de la Constitución:
Resto del título reflexiones para la historia /
Mención de responsabilidad, etc. Leonel Fernández.
264 #1 - PRODUCCIÓN, PUBLICACIÓN, DISTRIBUCIÓN, FABRICACIÓN Y COPYRIGHT
Producción, publicación, distribución, fabricación y copyright Santo Domingo :
Nombre del de productor, editor, distribuidor, fabricante Funglode,
Fecha de producción, publicación, distribución, fabricación o copyright 2019
300 ## - DESCRIPCIÓN FÍSICA
Extensión 179 páginas ;
Dimensiones 23 cm.
336 ## - TIPO DE CONTENIDO
Fuente rdacontent
Término de tipo de contenido texto
Código de tipo de contenido txt
337 ## - TIPO DE MEDIO
Fuente rdamedia
Nombre/término del tipo de medio sin mediación
Código del tipo de medio n
338 ## - TIPO DE SOPORTE
Fuente rdacarrier
Nombre/término del tipo de soporte volumen
Código del tipo de soporte nc
490 ## - MENCIÓN DE SERIE
Mención de serie Democracia
500 ## - NOTA GENERAL
Nota general Incluye biografía del autor en las solapas de las cubiertas.
500 ## - NOTA GENERAL
Nota general Primera reimpresión.
505 0# - NOTA DE CONTENIDO CON FORMATO
Nota de contenido con formato Prólogo.
Información miscelánea 1. Discursos
Título Discurso de apertura de la Consulta Popular para la Reforma Constitucional.--
-- Discurso de clausura ante el Encuentro Nacional de la Consulta Popular para la Reforma Constitucional.--
-- Discurso ante la Asamblea Nacional Revisora con ocasión de la proclamación de la Constitución dominicana.--
-- Discurso de declinación de la reelección.--
-- Discurso sobre reforma constitucional y reelección presidencial.--
Información miscelánea II. Artículos.
Título Revolución democrática institucional.--
-- La constitución del 2010: una reforma integral.--
-- El futuro de la reforma constitucional.--
-- El debate sobre la reforma constitucional.--
-- Comisión de Venecia: Constitución, democracia y reelección presidencia.--
-- Las primarias abiertas simultaneas son inconstitucionales.--
-- Primaria interna y posverdad.--
-- Las primarias abiertas simultaneas siguen siendo inconstitucionales.--
-- Un día decisivo para la democracia.--
-- Ley de partidos. Estatuto y Constitución.--
-- Ley de partidos: una inconstitucionalidad confirmada.--
-- Ley de partidos, Tribunal Constitucional y democracia.--
590 ## - NOTA LOCAL (RLIN)
Nota local Inventariado 2024 / MF
710 2# - PUNTO DE ACCESO ADICIONAL--NOMBRE DE ENTIDAD CORPORATIVA
Nombre de entidad corporativa o nombre de jurisdicción como elemento de entrada Fundación Global Democracía y Desarrollo
9 (RLIN) 25477
942 ## - ELEMENTOS DE PUNTO DE ACCESO ADICIONAL (KOHA)
Fuente del sistema de clasificación o colocación Dewey Decimal Classification
Tipo de ítem Koha Libro
Holdings
Estado de retiro Estado de pérdida Fuente del sistema de clasificación o colocación Restricciones de uso No para préstamo Código de colección Localización permanente Ubicación/localización actual Ubicación en estantería Fecha de adquisición Fuente de adquisición Total de préstamos Signatura topográfica completa Código de barras Fecha visto por última vez Precio válido a partir de Tipo de ítem Koha Número de copia
    Dewey Decimal Classification Excluido de préstamo   Patrimonio Dominicano Biblioteca Nacional Pedro Henríquez Ureña Biblioteca Nacional Pedro Henríquez Ureña Depósito 19.11.2019 Depósito legal / Funglode   F363d 2021-27232 06.10.2021 06.10.2021 Libro  
    Dewey Decimal Classification Excluido de préstamo   Patrimonio Dominicano Biblioteca Nacional Pedro Henríquez Ureña Biblioteca Nacional Pedro Henríquez Ureña Depósito 19.11.2019 Depósito legal / Funglode   F363d 2021-27233 06.10.2021 06.10.2021 Libro e.2
    Dewey Decimal Classification Préstamo en sala   Dominicana de Servicio Biblioteca Nacional Pedro Henríquez Ureña Biblioteca Nacional Pedro Henríquez Ureña Depósito 10.12.2019 Donado por Editora Búho   F363d 2021-27234 06.10.2021 06.10.2021 Libro e.3
    Dewey Decimal Classification Préstamo en sala   Dominicana de Servicio Biblioteca Nacional Pedro Henríquez Ureña Biblioteca Nacional Pedro Henríquez Ureña Depósito 10.12.2012 Donado por Editora Búho   F363d 2021-27235 06.10.2021 06.10.2021 Libro e.4
    Dewey Decimal Classification Préstamo en sala   Dominicana de Servicio Biblioteca Nacional Pedro Henríquez Ureña Biblioteca Nacional Pedro Henríquez Ureña En catalogación 10.12.2019 Donado por Editora Búho   F363d 2023-0267 18.01.2023 18.01.2023 Libro e.5

Powered by Koha